Bilecik Bilecik Bilecik Bilecik Bilecik

Beşir Fuad : (Record no. 40762)

MARC details
000 -BAŞLIK
Sabit Uzunluktaki Kontrol Alanı 01328nam a22003977a 4500
001 - KONTROL NUMARASI
Control Dosyası 0040898
003 - KONTROL NUMARASI KİMLİĞİ
Kontrol Alanı KOHA_MİRAKIL
005 - EN SON İŞLEM TARİHİ ve ZAMANI
Kontrol Alanı 20260207003217.0
007 - FİZİKSEL TANIM SABİT ALAN - GENEL BİLGİ
Sabit uzunluklu kontrol alanı ta
008 - SABİT UZUNLUKTAKİ VERİ ÖGELERİ - GENEL BİLGİ
Sabit Alan 130730b2012 tu a|||gr||||#0|||1|tur |
020 ## - ISBN - ULUSLARARASI STANDART KİTAP NUMARASI
Isbn 9789759952839
040 ## - KATALOGLAMA KAYNAĞI
Özgün Kataloglama Kurumu TR-BiSEU
Kataloglama Dili tur
Çeviri Kurumu TR-BiSEU
Açıklama Kuralları rda
041 0# - DİL KODU
Metin ya da ses kaydının dil kodu tur
044 ## - YAYINLAYAN/ÜRETEN KURULUŞUN ÜLKE KODU
ISO country code tu
050 ## - SINIFLAMA ve YER NUMARASI
Sınıflama Numarası PL248.B47
Yer Numarası Z5 2012
100 1# - KİŞİ ADI
Yazar Adı (Kişi adı) Okay, M. Orhan.
245 1# - ESER ADI BİLDİRİMİ
Başlık Beşir Fuad :
Alt Eseradı vb. İlk Türk pozitivist ve natüralisti/
Sorumluluk Bildirimi M. Orhan Okay ; M. Orhan Okay.
264 #1 - ÜRERİM, YAYIN, DAĞITIM ve TELİF BİLDİRİMİ
Yayın yeri İstanbul :
Yayınlayan Dergah Yayınları
Yayın tarihi 2012
300 ## - FİZİKSEL TANIMLAMA
Sayfa, Cilt vb. 344 sayfa :
Diğer fiziki detaylar resimli ;
Boyutları 20cm.
336 ## - İÇERİK TÜRÜ
Content type term metin
Content type code txt
Source rdacontent
337 ## - MEDYA TÜRÜ
Media type term aracısız
Media type code n
Source rdamedia
338 ## - TAŞIYICI TÜRÜ
Carrier type term cilt
Carrier type code nc
Source rdacarrier
490 1# - DİZİ BİLDİRİMİ
Dizi Bildirimi Dergah Yayınları ;
Cilt Numarası 45.
490 1# - DİZİ BİLDİRİMİ
Dizi Bildirimi Çağdaş Türk Düşüncesi ;
Cilt Numarası 46.
490 1# - DİZİ BİLDİRİMİ
Dizi Bildirimi Orhan Okay Eserleri ;
Cilt Numarası 1.
500 ## - GENEL NOT
Genel Not Dizin var.
650 #0 - KONU BAŞLIĞI EK GİRİŞ - KONU TERİMİ
Konusal terim veya coğrafi ad Beşir Fuad, 1852-1887--Biography.
9 (RLIN) 75829
650 #0 - KONU BAŞLIĞI EK GİRİŞ - KONU TERİMİ
Konusal terim veya coğrafi ad Beşir Fuad, 1852-1887--Biyografi.
9 (RLIN) 75830
650 #0 - KONU BAŞLIĞI EK GİRİŞ - KONU TERİMİ
Konusal terim veya coğrafi ad Beşir Fuad, 1852-1887--Criticism and interpretation.
9 (RLIN) 75831
650 #0 - KONU BAŞLIĞI EK GİRİŞ - KONU TERİMİ
Konusal terim veya coğrafi ad Beşir Fuad, 1852-1887--Kritik ve yorum.
9 (RLIN) 75832
830 1# - SERİ EK GİRİŞİ - TEKBİÇİM ESER ADI
Tekbiçim Başlık Dergah Yayınları ;
Volume number/sequential designation 45.
9 (RLIN) 11219
830 1# - SERİ EK GİRİŞİ - TEKBİÇİM ESER ADI
Tekbiçim Başlık Çağdaş Türk Düşüncesi ;
Volume number/sequential designation 46.
9 (RLIN) 27231
830 1# - SERİ EK GİRİŞİ - TEKBİÇİM ESER ADI
Tekbiçim Başlık Orhan Okay Eserleri ;
Volume number/sequential designation 1.
9 (RLIN) 75833
907 ## - LOCAL DATA ELEMENT G, LDG (RLIN)
a Roman
942 ## - EK GİRİŞ ÖGELERİ (KOHA)
Source of classification or shelving scheme Library of Congress Classification
Koha item type Book
Holdings
Materyal Türü Kalıcı Konum Mevcut Konum Raf Yeri Sınıflandırma Kaynağı Edinim Bilgisi Ana Konular Alt Konular Yer Numarası Demirbaş Numarası Fatura Tarihi Maliyet, Alış Fiyatı Maliyet, Yenileme Fiyatı Geri Çekilme Durumu Kayıp Durumu Hasarlı Durumu Kredi için değil Kayıt Tarih Toplam Ödünçverme Son Görülme Tarihi Son Kontrol Tarihi Satın Alma Notu
Book Prof. Dr. Azmi Özcan Kütüphanesi Prof. Dr. Azmi Özcan Kütüphanesi Birûni Salonu Library of Congress Classification Satın DİL VE EDEBİYAT Doğu Asya, Afrika, Okyanusya Dilleri ve Edebiyatları PL248.B47 Z5 2012 0040898 24/09/2013 12.88 12.88         30/07/2013 4 05/12/2024 05/12/2024 73291-73383 (92 sayfa)